Courts and Cabinets (Record no. 415025)

000 -LEADER
fixed length control field 00335cam a22001217a 4500
008 - FIXED-LENGTH DATA ELEMENTS--GENERAL INFORMATION
fixed length control field 180718b1944 xxu||||| |||| 00| 0 eng d
082 ## - DEWEY DECIMAL CLASSIFICATION NUMBER
Classification number A99 G59
100 ## - MAIN ENTRY--PERSONAL NAME
Personal name Gooch, G.P.
245 ## - TITLE STATEMENT
Title Courts and Cabinets
Statement of responsibility, etc. by G.P. Gooch
260 ## - PUBLICATION, DISTRIBUTION, ETC.
Place of publication, distribution, etc. London
Name of publisher, distributor, etc. Longmans
Date of publication, distribution, etc. 1944
300 ## - PHYSICAL DESCRIPTION
Extent 323p
650 ## - SUBJECT ADDED ENTRY--TOPICAL TERM
Topical term or geographic name entry element Courts and courtiers.Europe -Kings and rulers.
Holdings
Withdrawn status Lost status Damaged status Not for loan Permanent Location Current Location Date acquired Full call number Barcode Date last seen Price effective from Koha item type
        Indian Institute of Public Administration Indian Institute of Public Administration 2009-02-27 A99 G59 1423 2018-07-21 2018-07-21 Book

Powered by Koha